Stolice prowincji i terytoriów w Kanadzie - Statystyki

Ogólne statystyki
  • Ten quiz został rozwiązany 170 razy
  • Średni wynik to 8 z 13
Statystyki odpowiedzi
Prowincja/Terytorium Stolica % Poprawnych
Ontario Toronto
94%
Quebec Quebec
87%
Alberta Edmonton
77%
Jukon Whitehorse
68%
Terytoria Północno-Zachodnie Yellowknife
68%
Manitoba Winnipeg
66%
Kolumbia Brytyjska Victoria
62%
Nowa Szkocja Halifax
58%
Saskatchewan Regina
58%
Nunavut Iqaluit
54%
Nowa Fundlandia i Labrador Saint John's
51%
Wyspa Księcia Edwarda Charlottetown
49%
Nowy Brunszwik Fredericton
45%
Nie znaleziono quizów pasujących do podanych kryteriów
Rozkład punktacji
Procent ludzi z każdym wynikiem
Percentyl według liczby udzielonych odpowiedzi
Twoja historia wyników
Nie rozwiązałeś tego quizu